LEADER 01160nam a2200301 i 4500 001 000000181078 003 CaOOAMICUS 005 20090817000000.0 008 090817s1948 it u000 u ita u 013 $a158879 040 $aSeMil$bita 100 0 $aBernardus : Claraevallensis,$c.$0(OLS)http://semarc/name/89153 245 10$aLodi della Vergine Madre /$cS. Bernardo. 260 $aSiena :$bCantagalli,$c1948. 300 $a189 p. ;$c18 cm. 490 0 $aI classici cristiani 650 4$aBernardo : di Chiaravalle - Lodi.$0(OLS)http://semarc/subject/34373 773 0 $tCattedra.$dSiena : Cantagalli, [19--?]$gN.$w()21872 830 2$aI classici cristiani.$0(OLS)http://semarc/title/386 850 $aSeMil 852 $aSeMil$W1$xVenegono$y1$m2S I 422$j131826$B131826$CSeMilBibl$Z2$F143638 $81 900 1 $aBernardo : di Chiaravalle. 900 1 $aSan Bernardo. 961 $aOmaggio: Altro 996 $6245$aLodi della Vergine Madre$9(OLS)http://semarc/title/260022 996 $6260$aSiena :$bCantagalli$9(OLS)http://semarc/publisher/29767 LEADER 00890nam a2200217 i 4500 001 000000070402 003 CaOOAMICUS 005 20080819000000.0 008 080819s1960 it u000 u ita u 013 $a41574 040 $aSeMil$bita 100 1 $aLazzarini, Renato <1891-1974>.$0(OLS)http://semarc/name/35078 245 10$aSituazione umana e il senso della storia e del tempo /$cRenato Lazzarini. 260 $aMilano :$bMarzorati,$cc1960. 300 $a255 p. ;$c22 cm. 650 4$aVita - Filosofia.$0(OLS)http://semarc/subject/10299 650 4$aStoria - Filosofia.$0(OLS)http://semarc/subject/9254 850 $aSeMil 852 $aSeMil$W1$xVenegono$y1$m2P II 315$j36555$B36555$CSeMilBibl$Z2$F36558 $81 996 $6245$aSituazione umana e il senso della storia e del tempo$9(OLS)http://semarc/title/113017 996 $6260$aMilano :$bMarzorati$9(OLS)http://semarc/publisher/29683